00273nam a2200109Ia 4500008004100000041001200041100001800053245004300071260003000114300000800144650001100152221030s9999 xx 000 0 und d aEnglish aJ. S. Chitode 0aConsumer Electronicscby J. S. Chitode bTechnical PubaPunec2003 a266 aBB ECE